000 00626cam a2200229 4500
008 000000n2000 000 0 eng u
020 _a0717617440
035 _a(Sirsi) u104798
050 _a614.836
110 _aGreat Britain
_bHealth and Safety Executive
245 _aAvoiding danger from underground services.
250 _aRevised ed.
260 _aLondon
_bStationery Office
_c2000
350 _a7.50
490 _aHSE Health and Safety Guidance
_v47
650 _aSITE SAFETY
650 _aFIRST AID
650 _aHSE
650 _aUNDERGROUND CABLES
690 _aHealth and safety
_96244
942 _n0
999 _c100280
_d100280